Statistiques concernant Pyramide de mots n°2

Cliquez ici pour prendre le quiz!

Statistiques générales

  • Ce quiz a été pris 775 fois
  • Le résultat moyen est 5 sur 6

Statistiques - réponses

LettresIndicesMots% Correct
R,EPréfixe de répétitionRe
99%
SongeRêve
89%
LombricVer
89%
On l'obtient en faisant fondre du sableVerre
86%
RépandreVerser
71%
L'écureuil en fait de noisettesRéserve
52%

Distribution des résultats

Percentile par nombre de réponses

% des personnes avec chaque résultat

Votre développement - résultats

Vous n’avez pas pris ce quiz